|
|
|
|
| LEADER |
00000cam a2200000 7i4500 |
| 001 |
0000001009 |
| 005 |
20151222.0 |
| 008 |
070704 |
| 020 |
|
|
|a 9838476374
|
| 090 |
0 |
0 |
|a JF
|b AD MAL (1133)
|
| 100 |
0 |
|
|a Jamalludin Hj Othman
|
| 245 |
1 |
0 |
|a Bahagia setelah derita
|c Jamalludin Hj Othman
|
| 260 |
|
|
|a Kuala Lumpur :
|b Buku Must ,
|c 2006
|
| 440 |
|
0 |
|a Siri kembangan minda
|
| 500 |
|
|
|a Children ages 7-9 years old (orange)
|
| 650 |
|
0 |
|a Malay fiction
|
| 999 |
|
|
|a 0000957349
|b Book
|c Children Collection
|e Perbadanan Perpustakaan Awam Johor
|
| 999 |
|
|
|a 0000957351
|b Book
|c Children Collection
|e Cawangan Muar
|
| 999 |
|
|
|a 0000957353
|b Book
|c Children Collection
|e Perbadanan Perpustakaan Awam Johor
|
| 999 |
|
|
|a 0001131083
|b Book
|c Children Collection
|e Cawangan Bukit Gambir
|
| 999 |
|
|
|a 0001131100
|b Book
|c Children Collection
|e Cawangan Tmn. Ungku Tun Aminah
|
| 999 |
|
|
|a 0001131107
|b Book
|c Children Collection
|e Cawangan Bandar Penawar
|
| 999 |
|
|
|a 0001148794
|b Book
|c Children Collection
|e Cawangan Bukit Gambir
|